<?xml version="1.0" encoding="UTF-8"?>
<record
    xmlns:xsi="http://www.w3.org/2001/XMLSchema-instance"
    xsi:schemaLocation="http://www.loc.gov/MARC21/slim http://www.loc.gov/standards/marcxml/schema/MARC21slim.xsd"
    xmlns="http://www.loc.gov/MARC21/slim">

  <leader>00810nam a22001577a 4500</leader>
  <controlfield tag="003">OSt</controlfield>
  <controlfield tag="005">20151212141739.0</controlfield>
  <controlfield tag="008">151212b        xxu||||| |||| 00| 0 eng d</controlfield>
  <datafield tag="040" ind1=" " ind2=" ">
    <subfield code="c">RUA</subfield>
  </datafield>
  <datafield tag="082" ind1=" " ind2=" ">
    <subfield code="a">ATM.s EK 2004 B212 Or.1</subfield>
  </datafield>
  <datafield tag="100" ind1=" " ind2=" ">
    <subfield code="9">4759</subfield>
    <subfield code="a">EK, SEREYSOPHEAP.</subfield>
  </datafield>
  <datafield tag="245" ind1=" " ind2=" ">
    <subfield code="a">A potential to the facilitation of the protected area community in the chi aok village rumny commune rovieng district preah vihear province, &#x179F;&#x1780;&#x17D2;&#x178A;&#x17B6;&#x1793;&#x17BB;&#x1796;&#x179B;&#x1797;&#x17B6;&#x1796;&#x1793;&#x17C3;&#x1780;&#x17B6;&#x179A;&#x179F;&#x17C6;&#x179A;&#x1794;&#x179F;&#x17C6;&#x179A;&#x17BD;&#x179B;&#x179A;&#x17C0;&#x1794;&#x1785;&#x17C6;&#x179F;&#x17A0;&#x1782;&#x1798;&#x1793;&#x17CD;&#x178F;&#x17C6;&#x1794;&#x1793;&#x17CB;&#x1780;&#x17B6;&#x179A;&#x1796;&#x17B6;&#x179A;&#x1792;&#x1798;&#x17D2;&#x1798;&#x1787;&#x17B6;&#x178F;&#x17B7;&#x1793;&#x17C5;&#x1797;&#x17BC;&#x1798;&#x17B7;&#x1787;&#x17B8;&#x17B1;&#x1780; &#x1783;&#x17BB;&#x17C6; &#x179A;&#x1798;&#x17D2;&#x1798;&#x178E;&#x17B8; &#x179F;&#x17D2;&#x179A;&#x17BB;&#x1780;&#x179A;&#x179C;&#x17C0;&#x1784; &#x1781;&#x17C1;&#x178F;&#x17D2;&#x178F;&#x1796;&#x17D2;&#x179A;&#x17C7;&#x179C;&#x17B7;&#x17A0;&#x17B6;&#x179A;</subfield>
  </datafield>
  <datafield tag="260" ind1=" " ind2=" ">
    <subfield code="a">Phnom Penh</subfield>
    <subfield code="b">RUA</subfield>
    <subfield code="c">2004</subfield>
  </datafield>
  <datafield tag="300" ind1=" " ind2=" ">
    <subfield code="a">ix; 41p.</subfield>
    <subfield code="b">ill.</subfield>
    <subfield code="c">29cm.</subfield>
  </datafield>
  <datafield tag="942" ind1=" " ind2=" ">
    <subfield code="2">ddc</subfield>
    <subfield code="c">ATMSP</subfield>
  </datafield>
  <datafield tag="999" ind1=" " ind2=" ">
    <subfield code="c">4434</subfield>
    <subfield code="d">4434</subfield>
  </datafield>
  <datafield tag="952" ind1=" " ind2=" ">
    <subfield code="0">0</subfield>
    <subfield code="1">0</subfield>
    <subfield code="2">ddc</subfield>
    <subfield code="4">0</subfield>
    <subfield code="6">ATM__S_EK_2004_000000000000000_B212_OR_1</subfield>
    <subfield code="7">0</subfield>
    <subfield code="9">22954</subfield>
    <subfield code="a">LBB</subfield>
    <subfield code="b">LBB</subfield>
    <subfield code="c">B212</subfield>
    <subfield code="d">2015-12-12</subfield>
    <subfield code="o">ATM.s EK 2004 B212 Or.1</subfield>
    <subfield code="p">RUA033386</subfield>
    <subfield code="r">2015-12-12</subfield>
    <subfield code="w">2015-12-12</subfield>
    <subfield code="y">ATMSP</subfield>
  </datafield>
  <datafield tag="952" ind1=" " ind2=" ">
    <subfield code="0">0</subfield>
    <subfield code="1">0</subfield>
    <subfield code="2">ddc</subfield>
    <subfield code="4">0</subfield>
    <subfield code="6">ATM__S_EK_2004_000000000000000_B212_OR_2</subfield>
    <subfield code="7">0</subfield>
    <subfield code="9">22955</subfield>
    <subfield code="a">LBB</subfield>
    <subfield code="b">LBB</subfield>
    <subfield code="c">B212</subfield>
    <subfield code="d">2015-12-12</subfield>
    <subfield code="o">ATM.s EK 2004 B212 Or.2</subfield>
    <subfield code="p">RUA033882</subfield>
    <subfield code="r">2015-12-12</subfield>
    <subfield code="w">2015-12-12</subfield>
    <subfield code="y">ATMSP</subfield>
  </datafield>
  <datafield tag="952" ind1=" " ind2=" ">
    <subfield code="0">0</subfield>
    <subfield code="1">0</subfield>
    <subfield code="2">ddc</subfield>
    <subfield code="4">0</subfield>
    <subfield code="6">ATM__S_EK_2004_000000000000000_B212_OR_3</subfield>
    <subfield code="7">0</subfield>
    <subfield code="9">22956</subfield>
    <subfield code="a">LBB</subfield>
    <subfield code="b">LBB</subfield>
    <subfield code="c">B212</subfield>
    <subfield code="d">2015-12-12</subfield>
    <subfield code="o">ATM.s EK 2004 B212 Or.3</subfield>
    <subfield code="p">RUA034210</subfield>
    <subfield code="r">2015-12-12</subfield>
    <subfield code="w">2015-12-12</subfield>
    <subfield code="y">ATMSP</subfield>
  </datafield>
  <datafield tag="952" ind1=" " ind2=" ">
    <subfield code="0">0</subfield>
    <subfield code="1">0</subfield>
    <subfield code="2">ddc</subfield>
    <subfield code="4">0</subfield>
    <subfield code="6">ATM__S_EK_2004_000000000000000_B212_OR_4</subfield>
    <subfield code="7">0</subfield>
    <subfield code="9">22957</subfield>
    <subfield code="a">LBB</subfield>
    <subfield code="b">LBB</subfield>
    <subfield code="c">B212</subfield>
    <subfield code="d">2015-12-12</subfield>
    <subfield code="o">ATM.s EK 2004 B212 Or.4</subfield>
    <subfield code="p">RUA038261</subfield>
    <subfield code="r">2015-12-12</subfield>
    <subfield code="w">2015-12-12</subfield>
    <subfield code="y">ATMSP</subfield>
  </datafield>
  <datafield tag="952" ind1=" " ind2=" ">
    <subfield code="0">0</subfield>
    <subfield code="1">0</subfield>
    <subfield code="2">ddc</subfield>
    <subfield code="4">0</subfield>
    <subfield code="6">ATM__S_EK_2004_000000000000000_B212_OR_5</subfield>
    <subfield code="7">0</subfield>
    <subfield code="9">22958</subfield>
    <subfield code="a">LBB</subfield>
    <subfield code="b">LBB</subfield>
    <subfield code="c">B212</subfield>
    <subfield code="d">2015-12-12</subfield>
    <subfield code="o">ATM.s EK 2004 B212 Or.5</subfield>
    <subfield code="p">RUA038547</subfield>
    <subfield code="r">2015-12-12</subfield>
    <subfield code="w">2015-12-12</subfield>
    <subfield code="y">ATMSP</subfield>
  </datafield>
  <datafield tag="952" ind1=" " ind2=" ">
    <subfield code="0">0</subfield>
    <subfield code="1">0</subfield>
    <subfield code="2">ddc</subfield>
    <subfield code="4">0</subfield>
    <subfield code="6">ATM__S_EK_2004_000000000000000_B212_OR_6</subfield>
    <subfield code="7">0</subfield>
    <subfield code="9">22959</subfield>
    <subfield code="a">LBB</subfield>
    <subfield code="b">LBB</subfield>
    <subfield code="c">B212</subfield>
    <subfield code="d">2015-12-12</subfield>
    <subfield code="o">ATM.s EK 2004 B212 Or.6</subfield>
    <subfield code="p">RUA039200</subfield>
    <subfield code="r">2015-12-12</subfield>
    <subfield code="w">2015-12-12</subfield>
    <subfield code="y">ATMSP</subfield>
  </datafield>
  <datafield tag="952" ind1=" " ind2=" ">
    <subfield code="0">0</subfield>
    <subfield code="1">0</subfield>
    <subfield code="2">ddc</subfield>
    <subfield code="4">0</subfield>
    <subfield code="6">ATM__S_EK_2004_000000000000000_B212_OR_7</subfield>
    <subfield code="7">0</subfield>
    <subfield code="9">22960</subfield>
    <subfield code="a">LBB</subfield>
    <subfield code="b">LBB</subfield>
    <subfield code="c">B212</subfield>
    <subfield code="d">2015-12-12</subfield>
    <subfield code="o">ATM.s EK 2004 B212 Or.7</subfield>
    <subfield code="p">RUA037845</subfield>
    <subfield code="r">2015-12-12</subfield>
    <subfield code="w">2015-12-12</subfield>
    <subfield code="y">ATMSP</subfield>
  </datafield>
  <datafield tag="952" ind1=" " ind2=" ">
    <subfield code="0">0</subfield>
    <subfield code="1">0</subfield>
    <subfield code="2">ddc</subfield>
    <subfield code="4">0</subfield>
    <subfield code="6">ATM__S_EK_2004_000000000000000_B212_OR_8</subfield>
    <subfield code="7">0</subfield>
    <subfield code="9">22961</subfield>
    <subfield code="a">LBB</subfield>
    <subfield code="b">LBB</subfield>
    <subfield code="c">B212</subfield>
    <subfield code="d">2015-12-12</subfield>
    <subfield code="o">ATM.s EK 2004 B212 Or.8</subfield>
    <subfield code="p">RUA038429</subfield>
    <subfield code="r">2015-12-12</subfield>
    <subfield code="w">2015-12-12</subfield>
    <subfield code="y">ATMSP</subfield>
  </datafield>
  <datafield tag="952" ind1=" " ind2=" ">
    <subfield code="0">0</subfield>
    <subfield code="1">0</subfield>
    <subfield code="2">ddc</subfield>
    <subfield code="4">0</subfield>
    <subfield code="6">ATM__S_EK_2004_000000000000000_B212_OR_9</subfield>
    <subfield code="7">0</subfield>
    <subfield code="9">22962</subfield>
    <subfield code="a">LBB</subfield>
    <subfield code="b">LBB</subfield>
    <subfield code="c">B212</subfield>
    <subfield code="d">2015-12-12</subfield>
    <subfield code="l">1</subfield>
    <subfield code="o">ATM.s EK 2004 B212 Or.9</subfield>
    <subfield code="p">RUA034058</subfield>
    <subfield code="r">2022-08-23</subfield>
    <subfield code="s">2022-08-17</subfield>
    <subfield code="w">2015-12-12</subfield>
    <subfield code="y">ATMSP</subfield>
  </datafield>
  <datafield tag="952" ind1=" " ind2=" ">
    <subfield code="0">0</subfield>
    <subfield code="1">0</subfield>
    <subfield code="2">ddc</subfield>
    <subfield code="4">0</subfield>
    <subfield code="6">ATM__S_EK_2004_000000000000000_B212_OR_10</subfield>
    <subfield code="7">0</subfield>
    <subfield code="9">45740</subfield>
    <subfield code="a">LBB</subfield>
    <subfield code="b">LBB</subfield>
    <subfield code="d">2016-05-25</subfield>
    <subfield code="o">ATM.s EK 2004 B212 Or.10</subfield>
    <subfield code="p">RUA057713</subfield>
    <subfield code="r">2016-05-25</subfield>
    <subfield code="w">2016-05-25</subfield>
    <subfield code="y">ATMSP</subfield>
  </datafield>
</record>
